| 000 | 00820nam a22001337a 4500 | ||
|---|---|---|---|
| 040 | _cRUA | ||
| 082 | _aAGR KOU 2014 B432 Or.1 | ||
| 100 | _aKOUY KHEA ; គួយ ឃា | ||
| 245 | _aEffect of seed rate and weed managent of chulsa rice variety under dry season condition in takeo province , ឥទ្ធិពលនៃបរិមាណគ្រាប់ពូជ និងការគ្រប់គ្រងស្មៅលើការលូតលាស់ និងទិន្នផលពូជស្រូវជលសារក្នុងលក្ខខណ្ឌរដូវប្រំាង នៅខេត្តតាកែវ | ||
| 260 |
_aPhnom Penh _bRUA _c2014 |
||
| 300 |
_ax ; 54p. _bill. _c29cm. |
||
| 856 | _uhttps://drive.google.com/file/d/1taV4t5AkpG_IjuKBPFPyKGjWBbbEaRWl/view?usp=sharing | ||
| 942 | _cAGR | ||
| 999 |
_c7040 _d7040 |
||